How to Research. (Record no. 349367)
[ view plain ]
| 000 -LEADER | |
|---|---|
| fixed length control field | 00356 a2200145 4500 |
| 082 ## - DEWEY DECIMAL CLASSIFICATION NUMBER | |
| Classification number | 001.42 |
| 090 ## - LOCALLY ASSIGNED LC-TYPE CALL NUMBER (OCLC); LOCAL CALL NUMBER (RLIN) | |
| -- | 7035 |
| -- | 7035 |
| 100 ## - MAIN ENTRY--PERSONAL NAME | |
| Personal name | Blaxter,Loraine |
| 245 ## - TITLE STATEMENT | |
| Title | How to Research. |
| Statement of responsibility, etc. | Loraine Blaxter |
| 250 ## - EDITION STATEMENT | |
| Edition statement | 3rd. |
| 260 ## - PUBLICATION, DISTRIBUTION, ETC. | |
| Place of publication, distribution, etc. | pakistan |
| Name of publisher, distributor, etc. | open university peer Moiden |
| Date of publication, distribution, etc. | 2008 |
| 300 ## - PHYSICAL DESCRIPTION | |
| Extent | 287p. |
| 500 ## - GENERAL NOTE | |
| General note | Paper cover |
| 942 ## - ADDED ENTRY ELEMENTS (KOHA) | |
| Institution code [OBSOLETE] | NBS |
| Koha item type | Book |
| Call number prefix | 001.42 BLA |
| Withdrawn status | Lost status | Damaged status | Not for loan | Collection code | Permanent Location | Current Location | Shelving location | Date acquired | Total Checkouts | Total Renewals | Full call number | Barcode | Checked out | Date last seen | Date last checked out | Price effective from | Koha item type |
|---|---|---|---|---|---|---|---|---|---|---|---|---|---|---|---|---|---|
| Computer Science | Central Library (CL) | Central Library (CL) | First Floor - Computer Science | 08/28/2013 | 3 | 1 | 001.42 BLA | NBS8348 | 10/28/2023 | 02/01/2023 | 02/01/2023 | 08/28/2013 | Book |
